000 00562nam a22001817a 4500
008 130821s1914 fr gr fre
040 _aCo-BoUCM
_bspa
041 0 0 _afre
100 _aGebhart, Emile
_d1839-1908
_977545
245 0 3 _aL'age d'or
_cEmile Gebhart
260 _aParís (Francia)
_bBloud et Cie., Editeurs
_c1914
300 _a290 páginas
490 _aIncluye índice
650 0 4 _aLiteratura clásica
_918628
650 0 4 _aLiteratura griega
_976
942 _cLIBRO
_a18
_e1
_mG31L
_n0
_2DEWEY
_h880
999 _c87203
_d87203